Films Produced but Not Directed by Steven Spielberg 🎬 - Statistics

General Stats
  • This quiz has been taken 20 times
  • The average score is 8 of 15
Answer Stats
Year Director Genre Film % Correct
1985 Robert Zemeckis Science fiction Back to the Future
84%
1984 Joe Dante Comedy horror Gremlins
74%
1985 Richard Donner Adventure The Goonies
68%
2007 Michael Bay Science fiction Transformers
68%
2015 Colin Trevorrow Science fiction Jurassic World
63%
1991 Martin Scorsese Thriller Cape Fear
58%
1982 Tobe Hooper Horror Poltergeist
58%
2011 J. J. Abrams Science fiction Super 8
58%
1986 Don Bluth Animated An American Tail
53%
2006 Clint Eastwood War drama Flags of Our Fathers
47%
1988 Don Bluth Animated The Land Before Time
42%
1996 Jan de Bont Disaster Twister
42%
1988 Robert Zemeckis Fantasy Who Framed Roger Rabbit
42%
1997 Barry Sonnenfeld Science fiction Men in Black
37%
2005 Rob Marshall Period drama Memoirs of a Geisha
21%
No matching quizzes found
Score Distribution
Percent of People with Each Score
Percentile by Number Answered
Your Score History
You have not taken this quiz